Cheftrainer des FC Bayern München seit 1992 - Statistiken

Allgemein
  • Dieses Quiz wurde 690 mal gespielt
  • Das Durchschnittsergebnis liegt bei 15 aus 20
Antwortstatistiken
von bis Trainer % Korrekt
3. Nov. 2019 heute Hansi Flick
95%
28. Apr. 2009 30. Juni 2009 Jupp Heynckes
94%
1. Juli 2011 30. Juni 2013 Jupp Heynckes
94%
6. Okt. 2017 30. Juni 2018 Jupp Heynckes
94%
1. Juli 2018 2. Nov. 2019 Niko Kovač
93%
1. Juli 2013 30. Juni 2016 Pep Guardiola
93%
1. Juli 2016 28. Sep. 2017 Carlo Ancelotti
84%
1. Juli 2009 9. Apr. 2011 Louis van Gaal
84%
1. Juli 2008 27. Apr. 2009 Jürgen Klinsmann
80%
1. Juli 1998 30. Juni 2004 Ottmar Hitzfeld
78%
1. Feb. 2007 30. Juni 2008 Ottmar Hitzfeld
78%
7. Jan. 1994 30. Juni 1994 Franz Beckenbauer
67%
29. Apr. 1996 30. Juni 1996 Franz Beckenbauer
67%
1. Juli 2004 31. Jan. 2007 Felix Magath
66%
1. Juli 1994 30. Juni 1995 Giovanni Trapattoni
66%
1. Juli 1996 30. Juni 1998 Giovanni Trapattoni
66%
28. Sep. 2017 5. Okt. 2017 Willy Sagnol
50%
10. Apr. 2011 30. Juni 2011 Andries Jonker
42%
1. Juli 1995 27. Apr. 1996 Otto Rehhagel
41%
12. März 1992 27. Dez. 1993 Erich Ribbeck
28%
Keine übereinstimmenden Quizze gefunden
Verteilung der Resultate
Anzahl Personen mit jedem Resultat
Perzentil nach korrekt beantworteten Fragen
Ihre Resultats-Entwicklung
Sie haben dieses Quiz noch nicht gespielt